The underground railroad / Colson Whitehead.
Available copies
- 5 of 6 copies available at LARL/NWRL Consortium.
- 4 of 5 copies available at Lake Agassiz Regional Library. (Show preferred library)
Current holds
0 current holds with 6 total copies.
View other formats and editions
Show Only Available Copies
| Location | Call Number / Copy Notes | Barcode | Shelving Location | Status | Due Date |
|---|---|---|---|---|---|
| Ada Public Library | WHI (Text) | 33500012405627 | Main | Available | - |
| Climax Public Library | WHI (Text) | 33500012412953 | Main | Available | - |
| Crookston Public Library | WHI (Text) | 33500012396818 | Main | Available | - |
| Detroit Lakes Public Library | WHI (Text) | 33500012412946 | Main | Available | - |
| Moorhead Public Library | WHI (Text) | 33500012307443 | Main | Checked out | 06/29/2026 |
| Roseau Public Library | WHI (Text) | 35500005819188 | Main | Available | - |
Record details
- ISBN: 9780385542364
- ISBN: 0385542364
- Physical Description: 306 pages ; 25 cm
- Edition: First edition.
- Publisher: New York : Doubleday, [2016]
- Copyright: ©2016
Content descriptions
| Summary, etc.: | A magnificent tour de force chronicling a young ... Read More Cora is a slave on a cotton plantation in Georgia. ... Read More |
Search for related items by subject
| Genre: | Fiction. History. Historical fiction. Historical fiction. |
| LDR | 02848cam a22006018i 4500 | ||
|---|---|---|---|
| 001 | 206560 | ||
| 003 | LARL_NWRL_CONSORTIUM | ||
| 005 | 20160811131025.0 | ||
| 008 | 160129t20162016nyu 000 1 eng | ||
| 020 | . | ‡a9780385542364 ‡q(hardcover) | |
| 020 | . | ‡a0385542364 ‡q(hardcover) | |
| 020 | . | ‡z9780385542371 ‡q(ebook) | |
| 035 | . | ‡a(OCoLC)933420484 | |
| 042 | . | ‡apcc | |
| 043 | . | ‡an-us--- | |
| 082 | 0 | 0. | ‡a813/.6 ‡223 |
| 084 | . | ‡aFIC019000 ‡aFIC014000 ‡aFIC049000 ‡2bisacsh | |
| 100 | 1 | . | ‡aWhitehead, Colson, ‡d1969- ‡eauthor. ‡0(LARL_NWRL_CONSORTIUM)126345 |
| 245 | 1 | 4. | ‡aThe underground railroad / ‡cColson Whitehead. |
| 250 | . | ‡aFirst edition. | |
| 264 | 1. | ‡aNew York : ‡bDoubleday, ‡c[2016] | |
| 264 | 4. | ‡c©2016 | |
| 300 | . | ‡a306 pages ; ‡c25 cm | |
| 336 | . | ‡atext ‡btxt ‡2rdacontent | |
| 337 | . | ‡aunmediated ‡bn ‡2rdamedia | |
| 338 | . | ‡avolume ‡bnc ‡2rdacarrier | |
| 520 | . | ‡aA magnificent tour de force chronicling a young slave's adventures as she makes a desperate bid for freedom in the antebellum South. | |
| 520 | . | ‡aCora is a slave on a cotton plantation in Georgia. When Caesar, a recent arrival from Virginia, tells her about the Underground Railroad, they decide to take a terrifying risk and escape. Though they manage to find a station and head north, they are being hunted. Their first stop is South Carolina, in a city that initially seems like a haven. But the city's placid surface masks an insidious scheme designed for its black denizens. And even worse: Ridgeway, the relentless slave catcher, is close on their heels. | |
| 650 | 0. | ‡aUnderground Railroad ‡vFiction. | |
| 650 | 0. | ‡aFugitive slaves ‡zUnited States ‡vFiction. | |
| 651 | 0. | ‡aUnited States ‡xHistory ‡y19th century ‡vFiction. | |
| 650 | 7. | ‡aFICTION ‡xLiterary. ‡2bisacsh | |
| 650 | 7. | ‡aFICTION ‡xHistorical. ‡2bisacsh | |
| 650 | 7. | ‡aFICTION ‡xAfrican American ‡xGeneral. ‡2bisacsh | |
| 650 | 7. | ‡2fast ‡aFugitive slaves ‡0(LARL_NWRL_CONSORTIUM)20855 | |
| 650 | 7. | ‡aUnderground Railroad. ‡2fast ‡0(LARL_NWRL_CONSORTIUM)33209 | |
| 651 | 7. | ‡aUnited States. ‡2fast ‡0(LARL_NWRL_CONSORTIUM)54625 | |
| 648 | 7. | ‡a1800-1899 ‡2fast | |
| 655 | 7. | ‡aFiction. ‡2fast | |
| 655 | 7. | ‡aHistory. ‡2fast | |
| 655 | 7. | ‡aHistorical fiction. ‡2gsafd | |
| 655 | 7. | ‡aHistorical fiction. ‡2lcgft | |
| 776 | 0 | 8. | ‡iOnline version: ‡aWhitehead, Colson, 1969- author. ‡tUnderground railroad. ‡dNew York : Doubleday, 2016 ‡z9780385537049 ‡w(DLC) 2016004953 |
| 856 | 4 | 2. | ‡3Cover image ‡u9780385537032.jpg |
| 901 | . | ‡a206560 ‡bOCoLC ‡c206560 ‡tbiblio ‡soclc | |

Add to basket
Permalink
Disable Highlighting